Desperate Housewives ! - Statistics

General Stats
  • This quiz has been taken 764 times
  • The average score is 10 of 15
Answer Stats
Hint Answer % Correct
How many children does Lynette have? 5
95%
What is Bree's last name? Van de kamp
92%
How many seasons are there? 8
90%
How many husbands has Bree had? 3
86%
Who narrates the show? Mary Alice
85%
What is the name of the neighbourhood? Wisteria Lane
85%
Who was killed in season 8, episode 16? Mike
82%
Who became paralyzed? Orson
72%
What is MJ's real name? Maynard
55%
Who passed away in season 5, episode 18? Edie
54%
What is Danielle's son's name? Benjamin
51%
What is the name of Carlos and Gabbys first biological daughter? Grace
51%
What are the names of the main housewives? Bree, Lynette, Susan, Gabrielle
38%
What was the name of the baby Gabby & Carlos adopted? Lily
27%
Who did Katherine get with in season 6? Robin
25%
No matching quizzes found
Score Distribution
Percent of People with Each Score
Percentile by Number Answered
Your Score History
You have not taken this quiz